FRCR PART-1 ANATOMY MOCK EXAMINATIONS (Record no. 21990)

MARC details
000 -LEADER
fixed length control field 00364nam a22001577a 4500
003 - CONTROL NUMBER IDENTIFIER
control field SGT
020 ## - INTERNATIONAL STANDARD BOOK NUMBER
International Standard Book Number 9781107648647
082 ## - DEWEY DECIMAL CLASSIFICATION NUMBER
Classification number 612.0076
Item number F11S
100 ## - MAIN ENTRY--PERSONAL NAME
Personal name SHAW, AIDAN
245 ## - TITLE STATEMENT
Title FRCR PART-1 ANATOMY MOCK EXAMINATIONS
250 ## - EDITION STATEMENT
Edition statement 1ST
260 ## - PUBLICATION, DISTRIBUTION, ETC. (IMPRINT)
Place of publication, distribution, etc NEW YORK
Name of publisher, distributor, etc CAMBRIDGE UNIVERSITY
Year of Publication 2011
300 ## - PAGE DESCRIPTION
No. of Pages 228
650 ## - SUBJECT ADDED ENTRY--TOPICAL TERM
Topical term or geographic name as entry element HUMAN ANATOMY
942 ## - ADDED ENTRY ELEMENTS (KOHA)
Source of classification or shelving scheme Dewey Decimal Classification
Koha item type Books
Holdings
Withdrawn status Lost status Source of classification or shelving scheme Damaged status Not for loan Collection code Home library Current library Shelving location Date acquired Vendor Name Volume Information (Serial or Books or Non-Book Material) SGTU Bill Number Total Checkouts Full call number Accession No. (Barcode) Date last seen Bill Date Koha item type
    Dewey Decimal Classification   Not For Loan MEDICAL SGT Medical Library SGT Medical Library Reference Book 05/11/2021 ABC DELHI P-38.99 SGTU 13417   612.0076 F11S FM12604 05/11/2021   Books